| 000 | 01580nam a2200433 c 4500 | ||
|---|---|---|---|
| 001 | 1354 | ||
| 003 | ES-MaCES | ||
| 005 | 20180131142509.0 | ||
| 008 | 950222s1988 sz ||| | eng d | ||
| 020 | _a9221062597 | ||
| 035 | _aCES19980013611m | ||
| 040 |
_aES-MaCES _bspa _cES-MaCES |
||
| 100 | 1 |
_aAnker, Richard _96340 |
|
| 245 | 1 | 0 |
_aWomen's participation in the labour force _b: a methods test in India for improving its measurement _cRichard Anler, M.E. Khan and R.B. Gupta |
| 260 |
_aGeneva _bInternational Labour Office _c1988 |
||
| 300 |
_a204 p. _c24 cm |
||
| 490 | 1 |
_aWomen, work and development _v16 |
|
| 500 | _aEn la port. además: 'Prepared with the financial support of the United Nations Fund for Population Activities (UNFPA)' | ||
| 504 | _aBibliografía: p. 193-204 | ||
| 541 | _cGratuito | ||
| 650 | 4 |
_amano de obra _928295 |
|
| 650 | 4 |
_amercado de trabajo _928292 |
|
| 650 | 4 |
_atrabajadora _928413 |
|
| 650 | 4 |
_afamilia _927318 |
|
| 650 | 4 |
_aIndia _926912 |
|
| 650 | 4 |
_adatos estadísticos _930765 |
|
| 650 | 4 |
_amétodo estadístico _929536 |
|
| 650 | 4 |
_apub OIT _929033 |
|
| 653 | 1 | 0 | _aCiencias Sociales-Políticas |
| 650 | 4 |
_928848 _arecopilación de datos |
|
| 700 | 1 |
_aKhan, M.E. _915776 |
|
| 700 | 1 |
_aGupta, R.B. _914300 |
|
| 710 | 2 |
_aFondo de las Naciones Unidas para Actividades en Materia de Población _93619 |
|
| 710 | 2 |
_94718 _aOrganización Internacional del Trabajo _eed. |
|
| 830 | 0 |
_aWomen, work and development _v16 _932351 |
|
| 902 | _aLIB Libro | ||
| 942 |
_2CES _cBK _h7.0. |
||
| 999 |
_c1354 _d1354 |
||